000 02132nam2a2200325 4500
001 RU\NLR\BIBL_A\022227754
005 20240611093837.0
010 _a978-5-00246-022-9
_930
021 _aRU
_bКН-П-24-020098
_9КН-П-24-2101
035 _a(NLR Aleph) 022227754
090 _a13121530
_c13121530
100 _a20240521d2024 k y0rusy50 ca
101 0 _arus
102 _aRU
105 _aa z 001yy
200 1 _aНаселение птиц и сезонные динамические процессы в орнитокомплексах
_dBird population and seasonal dynamic processes in ornithological complexes
_zeng
210 _d2024
215 _a284 с.
_cил.
320 _aБиблиогр.: с.262-265
320 _aАлф. указ. русскояз. назв. птиц: с. 266-280
320 _aУказ. лат. назв. птиц: с. 281-284
461 0 _1001RU\NLR\BIBL_A\012550609
_12001#$aПтицы города Томска$dBirds of the Tomsk city$eмонография$eв 2 т.$fТ. К. Железнова, С. П. Миловидов, Л. В. Блинов$gРоссийский государственный аграрный университет - МСХА имени К. А. Тимирязева$zeng$vТ. 2
_1700#1$aЖелезнова$bТ. К.$f1954-$gТатьяна Константиновна$3RU\NLR\AUTH\770167161
_912428480
_aЖелезнова, Т. К. (1954-)
_cМосква
_d2021
_fТ. К. Железнова, С. П. Миловидов, Л. В. Блинов
_lBirds of the Tomsk city
_nУ Никитских ворот
_oмонография : в 2 т.
_tПтицы города Томска
_y9785001702481
_vТ. 2
510 1 _6z11790
_aBird population and seasonal dynamic processes in ornithological complexes
_zeng
606 1 _aПтицы
_xСезонные изменения
_yТомск, город
_92483219
_3RU\NLR\AUTH\6601690445
686 1 _aЕ681.237(2Р53-4Том-2)
790 1 _7ba
_8rus
_aŽeleznova
_bT. K.
_f1954-
_gTat'jana Konstantinovna
_9167115
_3RU\NLR\AUTH\770167162
942 _cBOOK
980 _aNB